English place-name elements (Record no. 87263)

MARC details
000 -LEADER
fixed length control field 00558cam a2200205 4500
001 - CONTROL NUMBER
control field D8778
008 - FIXED-LENGTH DATA ELEMENTS--GENERAL INFORMATION
fixed length control field 090401t1956 xxu||||| |||| 00| 0 eng d
035 ## - SYSTEM CONTROL NUMBER
System control number (Sirsi) u15201
041 ## - LANGUAGE CODE
Language code of text/sound track or separate title eng
050 ## - LIBRARY OF CONGRESS CALL NUMBER
Classification number 914.203
100 ## - MAIN ENTRY--PERSONAL NAME
Personal name Smith, Albert Hugh
245 ## - TITLE STATEMENT
Title English place-name elements
260 ## - PUBLICATION, DISTRIBUTION, ETC.
Place of publication, distribution, etc. Cambridge
Name of publisher, distributor, etc. Cambridge UP
Date of publication, distribution, etc. 1956
300 ## - PHYSICAL DESCRIPTION
Extent 2v 722p
350 ## - PRICE (NR) (BK AM CF MU VM SE) [OBSOLETE]
Price 12
490 ## - SERIES STATEMENT
Series statement English Place-Name Society Publications
Volume/sequential designation Volumes 25 &
520 ## - SUMMARY, ETC.
Summary, etc. Part 2: The elements JAFN-YTRI, Index and maps $6.00 417p
942 ## - ADDED ENTRY ELEMENTS (KOHA)
Suppress in OPAC 0
948 ## - LOCAL PROCESSING INFORMATION (OCLC); SERIES PART DESIGNATOR (RLIN)
c (OCLC) 04/03/1997
Holdings
Withdrawn status Lost status Source of classification or shelving scheme Damaged status Not for loan Home library Current library Shelving location Date acquired Cost, normal purchase price Total Checkouts Full call number Barcode Date last seen Copy number Cost, replacement price Price effective from Koha item type
    Dewey Decimal Classification     London London Enquiry desk 14/09/1999 12.00   ENQUIRY DESK 30015749 06/08/2019 1 12.00 06/08/2019 Reference material